Cupid (Twin Version) - FIFTY FIFTY (피프티피프티) - All Lyrics - Statistics

General Stats
  • This quiz has been taken 160 times
  • The average score is 254 of 322
Answer Stats
Answer % Correct
I
99%
A
97%
a
97%
(A
97%
(Oh,
97%
oh,
97%
Oh,
97%
my
95%
Cupid
93%
(Cupid
93%
I'm
93%
I’m
93%
(I'm
93%
feel
91%
it
91%
love
91%
love,
91%
love)
91%
me
91%
me)
91%
So
91%
so
91%
feelin'
90%
in
89%
lonely
89%
(Lonely)
89%
the
89%
all
88%
chance
88%
La,
88%
la,
88%
la-la-la
88%
la-la-la,
88%
Now
88%
now
88%
second
88%
stupid
88%
crying
87%
hopeless
87%
Hopeless
87%
(Hopeless
87%
life
87%
romantic
87%
room
87%
to
87%
hold
86%
(Hold
86%
is
86%
Is
86%
wish
86%
as
85%
by
85%
guess
85%
more)
85%
more,
85%
more
85%
sign
85%
time
85%
gave
84%
couples
83%
should
83%
Surrounded
83%
take
83%
that
83%
but
82%
But
82%
lover
82%
want
82%
could
81%
dumb
79%
dumb)
79%
he
75%
isn't
73%
makes
73%
real
73%
of
72%
way
70%
skeptical
68%
here
67%
left
67%
day
66%
for
66%
still,
66%
why,
66%
why?)
66%
every
63%
find
60%
who
59%
(Who
59%
got
57%
lost
56%
(Say
56%
say,
56%
say?
56%
his
55%
I'd
55%
arrows
54%
away
54%
look
53%
November
53%
they
53%
or
52%
you
52%
flew
47%
good
47%
feeling
45%
feeling)
45%
Waiting
45%
this
44%
someone
43%
someone)
43%
around
42%
since
42%
waste
42%
(Waste)
42%
fool,
40%
fool
40%
fool)
40%
Been
37%
counting
37%
days
36%
loving
34%
share
34%
girl
31%
will
31%
what
29%
seeking
20%
No matching quizzes found
Score Distribution
Percent of People with Each Score
Percentile by Number Answered
Your Score History
You have not taken this quiz